Bowstead & Reynolds on agency (Record no. 109440)
[ view plain ]
| 000 -LEADER | |
|---|---|
| fixed length control field | 00762cam a22002295a 4500 |
| 001 - CONTROL NUMBER | |
| control field | L147087 |
| 008 - FIXED-LENGTH DATA ELEMENTS--GENERAL INFORMATION | |
| fixed length control field | 090331s2009 xxk f 000 0 eng d |
| 020 ## - INTERNATIONAL STANDARD BOOK NUMBER | |
| International Standard Book Number | 9781847038104 |
| 035 ## - SYSTEM CONTROL NUMBER | |
| System control number | (Sirsi) u147087 |
| 041 0# - LANGUAGE CODE | |
| Language code of text/sound track or separate title | eng |
| 050 04 - LIBRARY OF CONGRESS CALL NUMBER | |
| Classification number | 346.41029 $2 18 |
| 100 1# - MAIN ENTRY--PERSONAL NAME | |
| Personal name | Watts, Peter |
| 245 00 - TITLE STATEMENT | |
| Title | Bowstead & Reynolds on agency |
| Remainder of title | second supplement to the eighteenth edition, up-to-date to December 31, 2008 |
| 260 ## - PUBLICATION, DISTRIBUTION, ETC. | |
| Place of publication, distribution, etc. | London |
| Name of publisher, distributor, etc. | Sweet & Maxwell |
| Date of publication, distribution, etc. | 2009 |
| 300 ## - PHYSICAL DESCRIPTION | |
| Extent | xxv, 79p. |
| Dimensions | 24cm. |
| 520 ## - SUMMARY, ETC. | |
| Summary, etc. | This supplement updates the main volume to 31 December 2008 and includes details of recent case law and statutory developments. |
| 521 ## - TARGET AUDIENCE NOTE | |
| Target audience note | Expert |
| 590 ## - LOCAL NOTE (RLIN) | |
| Local note | KA |
| 651 #4 - SUBJECT ADDED ENTRY--GEOGRAPHIC NAME | |
| Geographic name | England and Wales |
| Chronological subdivision | 1543- |
| 690 ## - LOCAL SUBJECT ADDED ENTRY--TOPICAL TERM (OCLC, RLIN) | |
| Topical term or geographic name as entry element | PROPERTY-PROPERTY AGENCY |
| 942 ## - ADDED ENTRY ELEMENTS (KOHA) | |
| Suppress in OPAC | 0 |
No items available.